Historical Years - Statistics

General Stats
  • This quiz has been taken 1,925 times
  • The average score is 7 of 15
Answer Stats
Hint Answer % Correct
The First World War begins 1914
91%
The Battle of Hastings 1066
85%
Christopher Columbus discovers America 1492
80%
The Great Fire of London 1666
70%
King John signs the Magna Carta 1215
66%
The Gunpowder Plot 1605
52%
Queen Victoria ascends the throne 1837
52%
King Charles I is beheaded 1649
44%
English Civil War begins 1642
39%
English Civil War ends 1651
33%
King Richard III is killed at Bosworth Field 1485
30%
William Shakespeare is born 1564
24%
Queen Anne dies 1714
24%
The Peasants' Revolt 1381
14%
Ben Jonson writes 'On My First Sonne' 1616
9%
No matching quizzes found
Score Distribution
Percent of People with Each Score
Percentile by Number Answered
Your Score History
You have not taken this quiz